Il buddhista involontario : istruzioni per la felicità /
Guardat en:
| Autor principal: | |
|---|---|
| Altres autors: | |
| Format: | Llibre |
| Idioma: | italià |
| Publicat: |
Milano :
Sonzogno,
c1994
|
| Matèries: | |
| Etiquetes: |
Sense etiquetes, Sigues el primer a etiquetar aquest registre!
|
MARC
| LEADER | 00000nam a22000007i 4500 | ||
|---|---|---|---|
| 001 | IT\ICCU\UBO\1783298 | ||
| 003 | ItRI | ||
| 005 | 20260115231913.0 | ||
| 008 | 020719s1994 it |||||| ||||| |||||c | ||
| 020 | |a 8845407160 | ||
| 040 | |b ita |c importazione bologna sebina | ||
| 041 | 7 | |a ita |2 ISO-639-2 | |
| 082 | |a 294.3444 |9 BUDDISMO. DOTTRINE E PRATICHE. Vita e pratica religiosa |2 23 | ||
| 100 | 1 | |a Kornfield, Jack |0 IT\ICCU\UM1V\000377 |4 aut | |
| 240 | 1 | 0 | |a Buddha's little instruction book |3 IT\ICCU\UBO\1783309 |9 Kornfield, Jack |
| 245 | 1 | 3 | |a Il buddhista involontario : |b istruzioni per la felicità / |c Jack Kornfield ; traduzione di Massimo Birattari. |
| 260 | |a Milano : |b Sonzogno, |c c1994 | ||
| 300 | |a [?] p. ; |c 13 cm. | ||
| 650 | 7 | |a Vita spirituale |x Buddismo | |
| 700 | 1 | |a Birattari, Massimo |0 IT\ICCU\RAVV\069377 | |
| 942 | |2 ddc |c BK |n 0 | ||
| 952 | |0 0 |1 0 |4 0 |6 DOC_813_540000000000000_KOR |7 0 |9 16001 |a BO |b BO |d 2026-01-15 |i 5690 |l 0 |o DOC 813.54 KOR |p BO5690 |r 2026-01-15 23:19:13 |w 2026-01-15 |x [Sebina 5] [1 v.] |y BK |z 1 v. | ||
| 999 | |c 13755 |d 13755 | ||